Baldur's Gate 3 Quests - Statistics

General Stats
  • This quiz has been taken 8 times
    6 since last reset
  • The average score is 25 of 156
Answer Stats
Hint Answer % Correct
Prologue Escape the Nautiloid
80%
The Wizard of Waterdeep
80%
The Blade of Frontiers
60%
Companions Daughter of Darkness
40%
Main Quests Find a Cure
40%
Find the Nightsong
40%
Gather Your Allies
40%
The Githyanki Warrior
40%
The Hellion's Heart
40%
The Pale Elf
40%
Acquire the Gauntlets for Helsik
20%
Main Sub-quests Ask the Goblin Priestess for Help
20%
Act I (Underdark) Avenge Glut's Circle
20%
Avenge the Drowned
20%
Avenge the Hag Survivors
20%
Avenge the Ironhands
20%
Blind the Absolute
20%
Confront the Elder Brain
20%
Consider Gortash's Bargain
20%
Control the Elder Brain
20%
Deal with the Devil
20%
Decide Minthara's Fate⁠
20%
Defeat Ketheric Thorm
20%
Defeat the Duergar Intruders
20%
Deliver Nere's Head
20%
Destroy the Ancient Tome
20%
Destroy the Elder Brain
20%
Disable the Steel Watch
20%
Discover the Artefact's Secrets
20%
Personal Quests Embrace Your Potential
20%
Act I Explore the Ruins
20%
Find Arabella's Parents⁠
20%
Find Dribbles the Clown
20%
Find Ketheric Thorm's Relic⁠
20%
Find Mol⁠
20%
Find Mystic Carrion's Servant
20%
Act I (Rosymorn Monastery Trail) Find the Blood of Lathander
20%
Find the Githyanki Crèche
20%
Find the Githyanki Creche
20%
Find the Missing Letters
20%
Find the Missing Shipment
20%
Find the Mushroom Picker
20%
⁠Find Zevlor
20%
Finish the Masterwork Weapon
20%
Follow the Convoy⁠
20%
Free Counsellor Florrick
20%
Free Lae'zel
20%
Free Orpheus
20%
Free the Artist
20%
Free True Soul Nere
20%
Get Gortash's Netherstone
20%
Get Help from Auntie Ethel
20%
Get Help from Healer Nettie
20%
Get Help From Healer Nettie
20%
Get Orin's Netherstone
20%
Help Kith'rak Voss
20%
Help Omeluum Investigate the Parasite
20%
Help the Devilish Ox
20%
Help the Hag Survivors
20%
Help the Spirit of the Amulet
20%
Help Your Protector
20%
Impress the Murder Tribunal
20%
Investigate Kagha
20%
Investigate the Beach
20%
Investigate the House of Grief
20%
Investigate the Murders
20%
Investigate the Selûnite Resistance
20%
Investigate the Suspicious Toys
20%
Kill Raphael's Old Enemy
20%
Lift the Shadow Curse⁠
20%
Origin Personal Sub-quests Open Your Scars
20%
Our Fiery Friend
20%
Raid the Emerald Grove
20%
Reclaim the Blue Jay's Nest
20%
Rescue the Druid Halsin
20%
Rescue the Gnome
20%
Rescue the Grand Duke
20%
Rescue the Grand Duke⁠
20%
Rescue the Illithids' Captive
20%
Rescue Volo
20%
Rescue Wulbren⁠
20%
Save Arabella
20%
Save Hope
20%
Save Mayrina
20%
Save the Gondians
20%
Save the Refugees
20%
Save Vanra
20%
Act II Seek Protection from the Shadow Curse
20%
Steal a Githyanki Egg
20%
Steal the Sacred Idol
20%
Stop the Presses
20%
The Adamantine Forge
20%
The Chosen of Shar
20%
The Grand Duke
20%
The High Harper
20%
The Urge
20%
Travel through the Mountain Pass
20%
Travel through the Underdark
20%
Travel to Moonrise Towers
20%
Act I Sub-quests Unlock the Ancient Tome
20%
Visit the Emperor's Old Hideout
20%
Wake up Art Cullagh
20%
Companion Sub-quests A Familiar Face
0%
Aid the Underduke
0%
Balthazar's Experiment
0%
Break Yurgir's Contract
0%
Origin Personal Quests Call of the Blood
0%
Capture Isobel the Selûnite Cleric
0%
Cure the Poisoned Gnome
0%
Act III Deal with the Gnomes
0%
Defeat the Goblins
0%
Discover the History of Prince Orpheus
0%
End Mystic Carrion's Immortality
0%
Personal Sub-quests Escape the Deal
0%
Feed the Mind Flayer
0%
Find a Way into Wyrm's Rock Fortress
0%
Find Doni
0%
Find Explosives
0%
Find Rolan in the Shadows
0%
Find the Missing Boots
0%
Find the 'Stern Librarian' Ffion
0%
Find Your Belongings
0%
Forging a Heart
0%
Fulfill the Deal
0%
Get Past the Rubble
0%
Hunt the Devil
0%
In Case of Death...
0%
Investigate Cazador's Palace
0%
Kill Kagha
0%
Punish the Wicked⁠
0%
Act III Sub-quests Rescue Orin's Victim
0%
⁠Rescue the Tieflings
0%
Rescue the Trapped Man
0%
Resolve the Abduction⁠
0%
Retrieve Omeluum
0%
Return Rakath's Gold
0%
Return the Locket
0%
Roveer's Storehouse
0%
Save the First Druid
0%
Save the Goblin Sazza
0%
Save the Grymforge Gnomes
0%
Search the Cellar
0%
Servant of None
0%
Solve the Open Hand Temple Murders
0%
Surrender Shadowheart to Viconia
0%
The Prince of the Comet
0%
Vlaakith's Will
0%
Wyrmway
0%
No matching quizzes found
Score Distribution
Percent of People with Each Score
Percentile by Number Answered
Your Score History
You have not taken this quiz since the last reset